ბათუმის შოთა რუსთაველის სახელმწიფო უნივერსიტეტის ბიბლიოთეკა

ალქიმიკოსი. (ბიბ.ჩანაწერი № 53792)

000 -ლიდერი
ფიქსირებული სიგრძის საკონტროლო ველი 01405nam a2200337Ia 4500
001 - საკონტროლო ნომერი
საკონტროლო ველი 20842
003 - საკონტროლო ნომრის იდენტიფიკატორი
საკონტროლო ველი GE_BSU
005 - ბოლო ოპერაციის თარიღი და დრო
საკონტროლო ველი 20190421002858.0
008 - ფიქსირებული სიგრძის მონაცემთა ელემენტები - ზოგადი ინფორმაცია
ფიქსირებული სიგრძის საკონტროლო ველი 181216s||||||||xx |||||||||||||| ||und||
020 ## - წიგნის საერთაშორისო სტანდარტული ნომერი
International Standard Book Number 9789941236938
040 ## - კატალოგიზაციის წყარო
Transcribing agency GE_BSU
041 ## - ენის კოდი
Language code of text/sound track or separate title geo
080 ## - უნივერსალური ათობითი კლასიფიკაციის ინდექსი
Universal Decimal Classification number 821.134.3(81)-31
100 ## - მთავარი ჩანაწერი - პიროვნების სახელი
Personal name კოელიო, პაოლო
9 (RLIN) 184
245 ## - ცნობა სათაურის შესახებ
Title ალქიმიკოსი.
Statement of responsibility, etc მთარგმნ. მ. გელაშვილი., რედ. ლ. ქადაგიშვილი., ნ. ნეკერიშვილი.
245 ## - ცნობა სათაურის შესახებ
Remainder of title რომანი.
245 ## - ცნობა სათაურის შესახებ
Statement of responsibility, etc რედ.ლ.ქადაგიშვილი, ნ.ნეკერიშვილი. მთარგმნ. მ.გელაშვილი
260 ## - გამოქვეყნების, გავრცელების, და სხვა. ცნობები
Place of publication, distribution, etc
260 ## - გამოქვეყნების, გავრცელების, და სხვა. ცნობები
Place of publication, distribution, etc
260 ## - გამოქვეყნების, გავრცელების, და სხვა. ცნობები
Date of publication, distribution, etc
264 ## - წარმოების, გამოცემის, დისტრიბუციის და სხვა ცნობები
გამოცემის, წარმოების, დისტრიბუციის... ადგილი თბილისი:
გამოცემის, წარმოების, დისტრიბუციის... სახელწოდება ბაკურ სულაკაური,
გამოცემის, წარმოების, დისტრიბუციის... თარიღი 2016.
300 ## - ფიზიკური აღწერა
Extent 132 გვ., ილ. 20 სმ.
653 ## - INDEX TERM--UNCONTROLLED
Uncontrolled term ალქიმიკოსი
653 ## - INDEX TERM--UNCONTROLLED
Uncontrolled term მხატვრული ლიტერატურა.
653 ## - INDEX TERM--UNCONTROLLED
Uncontrolled term რომანი
700 ## - ADDED ENTRY--PERSONAL NAME
Personal name გელაშვილი, მ.
Relator term მთარგმნელი
9 (RLIN) 185
700 ## - ADDED ENTRY--PERSONAL NAME
Personal name ქადაგიშვილი, ლ.
Relator term რედაქტორი
9 (RLIN) 186
700 ## - ADDED ENTRY--PERSONAL NAME
Personal name ნეკერიშვილი, ნ.
Relator term რედაქტორი
9 (RLIN) 187
942 ## - ADDED ENTRY ELEMENTS (KOHA)
Koha item type წიგნი
Source of classification or shelving scheme
ეგზემპლარები
ჩამოწერის სტატუსი დაკარგული ეგზემპლარის სტატუსი კლასიფიკაციის წყარო ან თაროზე გაწყობის სქემა დაზიანების სტატუსი არ გაიცემა მუდმივი მდებარეობა (დაცვის ადგილი) ამჟამინდელი ადგილსამყოფელი შეძენის თარიღი ღირებულება, შესყიდვის ნორმალური ფასი სრული შენახვის შიფრი შტრიხკოდი ბოლო ოპერაციის თარიღი ეგზემპლარის მიმდევრობითი ნომერი (კეტერი?) ფასის ძალაში შესვლის თარიღი ეგზემპლარის სახეობა საჯარო შენიშვნა
          ბათუმის შოთა რუსთაველის სახელმწიფო უნივერსიტეტის მთავარი ბიბლიოთეკა ბათუმის შოთა რუსთაველის სახელმწიფო უნივერსიტეტის მთავარი ბიბლიოთეკა 2018-12-17 5.04 821.134.3(81)-31 54270 2018-12-17 54270 2018-12-17 წიგნი 5ლ. 04თ.